<?xml version='1.0' encoding='UTF-8'?>
  <record xmlns="http://www.loc.gov/MARC21/slim">
    <leader>00000cam a22000007i 4500</leader>
    <controlfield tag="001">ocm68852785</controlfield>
    <controlfield tag="003">OCoLC</controlfield>
    <controlfield tag="005">20250405222516.5</controlfield>
    <controlfield tag="008">960126s1552    fr            000 0 grc d</controlfield>
    <datafield tag="040" ind1=" " ind2=" ">
      <subfield code="a">NLGGC</subfield>
      <subfield code="b">dut</subfield>
      <subfield code="e">fobidrtb</subfield>
      <subfield code="c">NLGGC</subfield>
      <subfield code="d">OCLCO</subfield>
      <subfield code="d">OCLCL</subfield>
      <subfield code="d">OCLCQ</subfield>
    </datafield>
    <datafield tag="029" ind1="0" ind2=" ">
      <subfield code="a">NLGGC</subfield>
      <subfield code="b">145203980</subfield>
    </datafield>
    <datafield tag="035" ind1=" " ind2=" ">
      <subfield code="a">(OCoLC)68852785</subfield>
    </datafield>
    <datafield tag="100" ind1="0" ind2=" ">
      <subfield code="a">Apollinarius,</subfield>
      <subfield code="c">Laodicensis,</subfield>
      <subfield code="d">310-390.</subfield>
      <subfield code="1">https://id.oclc.org/worldcat/entity/E39PBJwHgwRKxqMVWvqq6FKPQq</subfield>
    </datafield>
    <datafield tag="240" ind1="1" ind2="0">
      <subfield code="a">Bijbel.</subfield>
      <subfield code="n">39,</subfield>
      <subfield code="p">O.T. Ps.</subfield>
      <subfield code="l">Grieks.</subfield>
      <subfield code="s">Apolinarius Laodicenus-parafrase.</subfield>
    </datafield>
    <datafield tag="245" ind1="1" ind2="0">
      <subfield code="a">Apolinariou Metaphrasis tou psaltēros, dia stichōn hērōikōn. Apolinarii Interpretatio Psalmorum, versibus heroicis. Ex bibliotheca regia.</subfield>
    </datafield>
    <datafield tag="246" ind1="3" ind2=" ">
      <subfield code="a">Metaphrasis tou psaltēros, dia stichōn hērōikōn</subfield>
    </datafield>
    <datafield tag="246" ind1="3" ind2=" ">
      <subfield code="a">Interpretatio Psalmorum, versibus heroicis</subfield>
    </datafield>
    <datafield tag="260" ind1=" " ind2=" ">
      <subfield code="a">Parisiis :</subfield>
      <subfield code="b">apud Adr. Turnebum,</subfield>
      <subfield code="c">1552.</subfield>
    </datafield>
    <datafield tag="300" ind1=" " ind2=" ">
      <subfield code="c">in-8.</subfield>
    </datafield>
    <datafield tag="336" ind1=" " ind2=" ">
      <subfield code="a">tekst</subfield>
      <subfield code="b">txt</subfield>
      <subfield code="2">rdacontent/dut</subfield>
    </datafield>
    <datafield tag="337" ind1=" " ind2=" ">
      <subfield code="a">zonder medium</subfield>
      <subfield code="b">n</subfield>
      <subfield code="2">rdamedia/dut</subfield>
    </datafield>
    <datafield tag="338" ind1=" " ind2=" ">
      <subfield code="a">band</subfield>
      <subfield code="b">nc</subfield>
      <subfield code="2">rdacarrier/dut</subfield>
    </datafield>
    <datafield tag="500" ind1=" " ind2=" ">
      <subfield code="a">Colofon: Typis regiis excudebatur Parisiis mense Oct. 1552.</subfield>
    </datafield>
    <datafield tag="500" ind1=" " ind2=" ">
      <subfield code="a">Uitgeg. door Adrianus Turnebus.</subfield>
    </datafield>
    <datafield tag="500" ind1=" " ind2=" ">
      <subfield code="a">Tekst in het Grieks.</subfield>
    </datafield>
    <datafield tag="500" ind1=" " ind2=" ">
      <subfield code="a">Drukkersmerk aanwezig.</subfield>
    </datafield>
    <datafield tag="700" ind1="0" ind2=" ">
      <subfield code="a">Apollinarius,</subfield>
      <subfield code="c">Laodicensis,</subfield>
      <subfield code="d">310-390.</subfield>
      <subfield code="1">https://id.oclc.org/worldcat/entity/E39PBJwHgwRKxqMVWvqq6FKPQq</subfield>
    </datafield>
    <datafield tag="700" ind1="1" ind2=" ">
      <subfield code="a">Turnebus, Adrianus,</subfield>
      <subfield code="d">1512-1565.</subfield>
      <subfield code="1">https://id.oclc.org/worldcat/entity/E39PBJjCPxmPJ6mjdt86CH3YT3</subfield>
    </datafield>
    <datafield tag="710" ind1="0" ind2=" ">
      <subfield code="a">Turnèbe, Adrien (Paris)</subfield>
      <subfield code="4">prt</subfield>
    </datafield>
    <datafield tag="710" ind1="0" ind2=" ">
      <subfield code="a">Morel, Guillaume (Paris)</subfield>
      <subfield code="4">prt</subfield>
    </datafield>
    <datafield tag="936" ind1=" " ind2=" ">
      <subfield code="a">BATCHLOAD</subfield>
    </datafield>
  </record>